Wordt geladen...
| LEADER | 01049nam a22002651a 4500 | ||
|---|---|---|---|
| 020 | |c 0.00 | ||
| 040 | |a SSUS - Library - Kalady | ||
| 082 | |a H 294.463 |b NEM/T | ||
| 100 | |a Nemichandra Shastry | ||
| 245 | |a Theerthakar Mahavir aur unki acharya parampara |h [Text] | ||
| 260 | |c 1974 | ||
| 300 | |a 454p. | ||
| 600 | |a Jainism | ||
| 600 | |a Mahavira | ||
| 600 | |a Religion | ||
| 852 | |h H 294.463 |i NEM/T |p 008274 |9 400.00 |t 0 | ||
| 852 | |h H 294.463 |i NEM/T |p 008272 |9 400.00 |t 0 | ||
| 852 | |h H 294.463 |i NEM/T |p 008273 |9 400.00 |t 0 | ||
| 942 | |c BK | ||
| 942 | |c BK | ||
| 942 | |c BK | ||
| 999 | |c 46688 |d 46688 | ||
| 952 | |0 0 |1 0 |4 0 |6 H_294_463000000000000_NEM_T |7 0 |9 67538 |a SSUS |b SSUS |d 2015-01-08 |g 400.00 |o H 294.463 NEM/T |p 008274 |r 2015-01-08 |v 0.00 |w 2015-01-08 |y BK | ||
| 952 | |0 0 |1 0 |4 0 |6 H_294_463000000000000_NEM_T |7 0 |9 67539 |a SSUS |b SSUS |d 2015-01-08 |g 400.00 |o H 294.463 NEM/T |p 008272 |r 2015-01-08 |v 0.00 |w 2015-01-08 |y BK | ||
| 952 | |0 0 |1 0 |4 0 |6 H_294_463000000000000_NEM_T |7 0 |9 67540 |a SSUS |b SSUS |d 2015-01-08 |g 400.00 |o H 294.463 NEM/T |p 008273 |r 2016-02-16 |v 0.00 |w 2015-01-08 |y BK | ||